Δουλεύοντας με το Word 6.0 for Windows

Αποθηκεύτηκε σε:
Λεπτομέρειες βιβλιογραφικής εγγραφής
Κύριος συγγραφέας: Πολυχρονοπούλου, Δήμητρα
Άλλοι συγγραφείς: Μαραγκός, Στρατής
Μορφή: Βιβλίο
Γλώσσα:Greek
Δημοσίευση: Αθήνα : Εκδόσεις Νέων Τεχνολογιών, 1994
Θέματα:
Ετικέτες: Προσθήκη ετικέτας
Δεν υπάρχουν, Καταχωρήστε ετικέτα πρώτοι!

MARC

LEADER 00000nam a2200000 i 4500
001 1/64776
008 980817s1994 gre d
020 |a 960723555X 
035 |l 10029494 
040 |a GR-MY-UA  |b gre  |e aacr 
041 0 |a gre 
082 0 |a 652.5536 
100 1 |a Πολυχρονοπούλου, Δήμητρα. 
245 1 0 |a Δουλεύοντας με το Word 6.0 for Windows /  |c Δήμητρα Πολυχρονοπούλου, Στρατής Μαραγκός 
260 |a Αθήνα :   |b Εκδόσεις Νέων Τεχνολογιών,   |c 1994 
300 |a 351 σελ. 
500 |a Περιέχει βιβλιογραφία και αγγλικό ευρετήριο 
630 0 0 |a Microsoft Word. 
650 0 0 |a Word processing. 
700 1 |a Μαραγκός, Στρατής. 
852 |a INST  |b CHIOS  |e 19980817  |h 652.5536 ΠΟΛ  |p 005200015829  |q 005200015829  |t BK  |y 0 
901 |a BIBL-1998-2 
909 |a Χ  |b 058721 
922 |a 2ΕΛΗ  |b 199807  |c ΡΟΜΠΟΛΗΣ  |d EMVASIS